[Event "NOR-chT Club"]
[Site "Drammen"]
[Date "2024.05.09"]
[Round "1.1"]
[White "Moen, Ole Christian"]
[Black "Hauger, Hans Otto"]
[Result "1-0"]
[WhiteElo "2182"]
[BlackElo "1611"]
[PlyCount "29"]
[EventDate "2024.05.09"]
[EventType "team-swiss"]
[EventRounds "6"]
[EventCountry "NOR"]
[SourceTitle "CBM 220 Extra"]
[Source "ChessBase"]
[SourceDate "2024.07.31"]
[SourceVersion "1"]
[SourceVersionDate "2024.07.31"]
[SourceQuality "1"]
[WhiteTeam "OSS II"]
[BlackTeam "Oslo SK 1911 II"]
[WhiteTeamCountry "NOR"]
[BlackTeamCountry "NOR"]

1. e4 e5 2. Nf3 Nc6 3. Bb5 Nf6 4. 0-0 Bc5 5. Nxe5 Nxe5 6. d4 Bxd4 7. Qxd4 Qe7 8. Nc3 0-0 9. Bg5 c6 10. f4 Ng6 11. e5 cxb5 12. exf6 Qe6 13. fxg7 Re8 14. Nd5 Qe4 15. Nf6+ 1-0